Scolytidae (<Coleoptera>) de Costa Rica II. Clave para la subfamilia Scolytinae, Tribus: Scolytini, Ctnophrini, Micracini, Ipini, Dryocoetini, Xyleborini y Cryphalini (Registro nro. 11655)
[ vista simple ]
| 000 -CABECERA | |
|---|---|
| Campo de control | 007250000a22002050004500 |
| 090 ## - CLASIFICACIÓN LOCAL | |
| Colección | AR |
| Consecutivo | 02591 |
| 041 0# - IDIOMA | |
| Código de idioma para texto/pista de sonido o título separado | |
| 100 1# - ASIENTO PRINCIPAL--NOMBRE PERSONAL | |
| Nombre personal | Wood, Stephen L. |
| 245 10 - MENCION DE TITULO | |
| Título | Scolytidae (<Coleoptera>) de Costa Rica II. Clave para la subfamilia Scolytinae, Tribus: Scolytini, Ctnophrini, Micracini, Ipini, Dryocoetini, Xyleborini y Cryphalini |
| 650 14 - ASIENTO SECUNDARIO DE MATERIA - TERMINO TEMATICO | |
| Término temático o nombre geográfico como elemento de entrada | Coleópteros |
| 650 14 - ASIENTO SECUNDARIO DE MATERIA - TERMINO TEMATICO | |
| Término temático o nombre geográfico como elemento de entrada | Entomología |
| 650 14 - ASIENTO SECUNDARIO DE MATERIA - TERMINO TEMATICO | |
| Término temático o nombre geográfico como elemento de entrada | Taxonomía animal |
| 650 14 - ASIENTO SECUNDARIO DE MATERIA - TERMINO TEMATICO | |
| Término temático o nombre geográfico como elemento de entrada | Claves taxonómicas |
| 651 #4 - ASIENTO SECUNDARIO DE MATERIA - NOMBRE GEOGRAFICO | |
| -- | Scolytidae |
| 653 ## - TERMINO DE INDIZACION - NO CONTROLADO | |
| -- | Costa Rica |
| 700 1# - ASIENTO SECUNDARIO - NOMBRE PERSONAL | |
| Nombre personal | Stevens, George C. |
| 700 1# - ASIENTO SECUNDARIO - NOMBRE PERSONAL | |
| Nombre personal | Lezama, Humberto J. |
| 773 1# - Item fuente: | |
| Título | Revista de Biología Tropical |
| Especificación de materiales | 129 |
| Descripción física | 2 |
| Paginas del Articulo | 279-306 |
| Lugar, editorial y fecha de publicación | 1991 |
| Información sobre la relación | 39 |
| 942 ## - ELEMENTOS ADICIONALES (KOHA) | |
| Tipo de ítem | Artículo |
| Withdrawn status | Lost status | Damaged status | No para préstamo | Colección | Ubicación Permanente | Ubicación actual | Fecha de adquisición | Datos de publicación Seriada | Total Checkouts | Número topográfico | Inventario / Código de Barras | Date last seen | Ejemplar | Price effective from | Forma de adquisición | Tipo de material |
|---|---|---|---|---|---|---|---|---|---|---|---|---|---|---|---|---|
| No para Préstamo | Hemeroteca | Bogotá | Bogotá | 27/02/2015 | Fuera de circulación | AR 02591 | 013006 | 25/03/2015 | 1 | 25/03/2015 | Artículo |